000 00889nam a2200301 a 4500
001 vtls000311600
003 NLI
005 20210602135949.0
008 101203s1974 ii 000 0 eng
020 _cRs. 12.00
039 9 _y201012032121
_zVLOAD
040 _aNLI
_beng
_cRetro_DSC 1
_eAACR2
041 0 _aeng
044 _aii
082 0 4 _a338.47070954
245 0 0 _aWhat price a free press :
_bthe statesman case /
_cedited by V. V. John and A. B. Shah
260 _aCalcutta :
_bNachiketa Publications,
_c1974
300 _a135 p. ;
_c22 cm.
650 0 _aFreedom of the press
_9197407
650 0 _aPrices
_974935
700 1 _aJohn, V. V.,
_4edt
_9138976
700 1 _aShah, A. B.,
_4edt
_957061
887 _a
901 _aDB27235
_b03.06.1975
902 _aE 338.47070954 J 613
949 _AVIRTUAITEM
_D10000
_X100
_6DBA000027235ENG
942 _2ddc
_cBKS
999 _aVIRTUA40
_c272012
_d272012